| 000 | 00554cam a2200205 i 4500 | ||
|---|---|---|---|
| 999 |
_c12303 _d12303 |
||
| 003 | OSt | ||
| 005 | 20240117120604.0 | ||
| 008 | 141009s2015 cau 001 0 eng | ||
| 020 | _a9781452131672 | ||
| 042 | _apcc | ||
| 082 | 0 | 0 |
_a616.89 _223 _bBLU |
| 100 | 1 | _aBlumenthal, Brett. | |
| 245 | 1 | 0 |
_a52 small changes for the mind / _cBrett Blumenthal. |
| 246 | 3 | _aFifty-two small changes for the mind | |
| 300 |
_a320 pages ; _c21 cm |
||
| 650 | 0 |
_aMental health _vPopular works. |
|
| 650 | 0 | _aStress management. | |
| 650 | 0 | _aWell-being. | |
| 942 | _2ddc | ||